| 000 | 00832cam a2200253 4500 | ||
|---|---|---|---|
| 008 | 000000n2000 000 0 eng u | ||
| 020 | _a0117025178 | ||
| 035 | _a(Sirsi) u109176 | ||
| 050 | _a692.8 | ||
| 110 |
_aProperty Advisers to the Civil Estate _93610 |
||
| 245 | _aGC/Works subcontract for use with GC/works/1 and GC/Works/3 - General conditions | ||
| 260 |
_aLondon _bStationery Office _c2000 |
||
| 300 | _aiv, 60p. ; 30cm. | ||
| 350 | _a20.00 | ||
| 650 | _aBUILT ENVIRONMENT-BUILDING CONTRACT FORMS-STANDARD FORMS OF BUILDING CONTRACT-GC/WORKS CONTRACTS | ||
| 650 | _aGC/WORKS/1 | ||
| 650 | _aGC/WORKS/3 | ||
| 650 | _aPACE | ||
| 650 | _aBUILT ENVIRONMENT-BUILDING CONTRACT FORMS | ||
| 650 | _aSUBCONTRACTS | ||
| 650 | _aSUB-CONTRACTS | ||
| 690 | _aBUILT ENVIRONMENT-BUILDING CONTRACT FORMS | ||
| 942 | _n0 | ||
| 999 |
_c100892 _d100892 |
||